[Event "Stay Safe Play From Home 157"]
[Site "T#646177Emanuel Laske"]
[Date "2020.05.19"]
[Round "3"]
[White "Mepe_Nika"]
[Black "Matanant"]
[Result "1-0"]
[WhiteElo "2263"]
[BlackElo "1591"]
[PlyCount "47"]
[EventDate "2020.05.19"]
[EventType "swiss (blitz)"]

1. e4 {[%emt 0:00:01]} e5 {[%emt 0:00:02]} 2. d4 {[%emt 0:00:02]} exd4 {[%emt 0:00:02]} 3. c3 {[%emt 0:00:01]} Nc6 {[%emt 0:00:00]} 4. cxd4 {[%emt 0:00:01]} d6 {[%emt 0:00:01]} 5. Nc3 {[%emt 0:00:01]} Nf6 {[%emt 0:00:03]} 6. Nf3 {[%emt 0:00:01]} Be7 {[%emt 0:00:01]} 7. Bc4 {[%emt 0:00:00]} O-O {[%emt 0:00:01]} 8. h3 {[%emt 0:00:00]} Bd7 {[%emt 0:00:02]} 9. Bg5 {[%emt 0:00:01]} h6 {[%emt 0:00:02]} 10. Bh4 {[%emt 0:00:01]} Nh7 {[%emt 0:00:01]} 11. Bxe7 {[%emt 0:00:02]} Qxe7 {[%emt 0:00:00]} 12. O-O {[%emt 0:00:01]} Nf6 {[%emt 0:00:02]} 13. Re1 {[%emt 0:00:01]} Rfe8 {[%emt 0:00:02]} 14. Bb3 {[%emt 0:00:00]} a6 {[%emt 0:00:02]} 15. a3 {[%emt 0:00:01]} b5 {[%emt 0:00:02]} 16. Bc2 {[%emt 0:00:01]} Na5 {[%emt 0:00:02]} 17. Qd3 {[%emt 0:00:01]} Kf8 {[%emt 0:00:04]} 18. e5 {[%emt 0:00:01]} Ng8 {[%emt 0:00:02]} 19. Ne4 {[%emt 0:00:03]} Nc4 {[%emt 0:00:04]} 20. b3 {[%emt 0:00:04]} Nb6 {[%emt 0:00:02]} 21. exd6 {[%emt 0:00:03]} cxd6 {[%emt 0:00:02]} 22. Re3 {[%emt 0:00:01]} d5 {[%emt 0:00:03]} 23. Neg5 {[%emt 0:00:03]} Qf6 {[%emt 0:00:02]} 24. Nh7# {[%emt 0:00:01] (Lag: Av=0.51s, max=1.0s)} 1-0

[Event "Stay Safe Play From Home 157"]
[Site "T#646177Emanuel Laske"]
[Date "2020.05.19"]
[Round "3"]
[White "Fischer_11"]
[Black "Justwatch"]
[Result "1-0"]
[WhiteElo "2154"]
[BlackElo "1631"]
[Annotator "NA"]
[PlyCount "101"]
[EventDate "2020.05.19"]
[EventType "swiss (blitz)"]

1. e4 {[%emt 0:00:01]} Nf6 {[%emt 0:00:00]} 2. Nc3 {[%emt 0:00:01]} e5 {[%emt 0:00:01]} 3. Bc4 {[%emt 0:00:01]} d6 {[%emt 0:00:00]} 4. d3 {[%emt 0:00:00]} Nc6 {[%emt 0:00:01]} 5. f4 {[%emt 0:00:00]} Bg4 {[%emt 0:00:01]} 6. Nf3 {[%emt 0:00:01]} Bxf3 {[%emt 0:00:01]} 7. Qxf3 {[%emt 0:00:01]} Nd4 {[%emt 0:00:00]} 8. Qf2 {[%emt 0:00:00]} Be7 {[%emt 0:00:02]} 9. O-O {[%emt 0:00:01]} O-O {[%emt 0:00:01]} 10. Be3 {[%emt 0:00:00]} Nc6 {[%emt 0:00:03]} 11. Bb3 {[%emt 0:00:03]} exf4 {[%emt 0:00:01]} 12. Bxf4 {[%emt 0:00:00]} Nd7 {[%emt 0:00:02]} 13. Nd5 {[%emt 0:00:02]} Bf6 {[%emt 0:00:03]} 14. Nxf6+ {[%emt 0:00:01]} Nxf6 {[%emt 0:00:00]} 15. c3 {[%emt 0:00:00]} Na5 {[%emt 0:00:02]} 16. Bg5 {[%emt 0:00:01]} Nxb3 {[%emt 0:00:03]} 17. axb3 {[%emt 0:00:00]} Qe7 {[%emt 0:00:01]} 18. Bxf6 {[%emt 0:00:01]} Qxf6 {[%emt 0:00:00]} 19. Qxf6 {[%emt 0:00:00]} gxf6 {[%emt 0:00:00]} 20. Rxf6 {[%emt 0:00:00]} a6 {[%emt 0:00:01]} 21. Kf2 {[%emt 0:00:05]} Kg7 {[%emt 0:00:00]} 22. Rf5 {[%emt 0:00:01]} f6 {[%emt 0:00:03]} 23. Ke3 {[%emt 0:00:00]} Rae8 {[%emt 0:00:03]} 24. Raf1 {[%emt 0:00:03]} Re6 {[%emt 0:00:01]} 25. g4 {[%emt 0:00:01]} h6 {[%emt 0:00:01]} 26. h4 {[%emt 0:00:00]} Kg6 {[%emt 0:00:02]} 27. g5 {[%emt 0:00:01]} hxg5 {[%emt 0:00:01]} 28. hxg5 {[%emt 0:00:01]} c6 {[%emt 0:00:02]} 29. gxf6 {[%emt 0:00:02]} Rfxf6 {[%emt 0:00:01]} 30. Rxf6+ {[%emt 0:00:00]} Rxf6 {[%emt 0:00:00]} 31. Rxf6+ {[%emt 0:00:02]} Kxf6 {[%emt 0:00:00]} 32. d4 {[%emt 0:00:00]} Ke6 {[%emt 0:00:01]} 33. c4 {[%emt 0:00:01]} b6 {[%emt 0:00:00]} 34. b4 {[%emt 0:00:01]} a5 {[%emt 0:00:01]} 35. bxa5 {[%emt 0:00:01]} bxa5 {[%emt 0:00:00]} 36. b3 {[%emt 0:00:00]} Kd7 {[%emt 0:00:01]} 37. Kf4 {[%emt 0:00:01]} Ke6 {[%emt 0:00:01]} 38. Kg5 {[%emt 0:00:01]} Kf7 {[%emt 0:00:02]} 39. Kf5 {[%emt 0:00:01]} Ke7 {[%emt 0:00:01]} 40. Kg6 {[%emt 0:00:00]} Ke6 {[%emt 0:00:01]} 41. Kg7 {[%emt 0:00:01]} c5 {[%emt 0:00:01]} 42. d5+ {[%emt 0:00:06]} Ke5 {[%emt 0:00:01]} 43. Kf7 {[%emt 0:00:00]} Kxe4 {[%emt 0:00:00]} 44. Ke6 {[%emt 0:00:00]} Kd4 {[%emt 0:00:01]} 45. Kxd6 {[%emt 0:00:00]} Kc3 {[%emt 0:00:00]} 46. Kxc5 {[%emt 0:00:00]} Kxb3 {[%emt 0:00:00]} 47. d6 {[%emt 0:00:00]} a4 {[%emt 0:00:00]} 48. d7 {[%emt 0:00:00]} a3 {[%emt 0:00:00]} 49. d8=Q {[%emt 0:00:00]} a2 {[%emt 0:00:00]} 50. Qa8 {[%emt 0:00:00]} a1=Q {[%emt 0:00:00]} 51. Qxa1 {[%emt 0:00:03] Justwatch terk eder (Lag: Av=0.35s, max=0.7s)} 1-0

[Event "Stay Safe Play From Home 157"]
[Site "T#646177Emanuel Laske"]
[Date "2020.05.19"]
[Round "3"]
[White "SoulofWolf"]
[Black "Little champs"]
[Result "0-1"]
[WhiteElo "2142"]
[BlackElo "2222"]
[PlyCount "156"]
[EventDate "2020.05.19"]
[EventType "swiss (blitz)"]

1. Nf3 {[%emt 0:00:00]} c6 {[%emt 0:00:01]} 2. c4 {[%emt 0:00:00]} d5 {[%emt 0:00:00]} 3. e3 {[%emt 0:00:00]} dxc4 {[%emt 0:00:01]} 4. b3 {[%emt 0:00:00]} Nf6 {[%emt 0:00:00]} 5. bxc4 {[%emt 0:00:01]} e6 {[%emt 0:00:00]} 6. Bb2 {[%emt 0:00:00]} Be7 {[%emt 0:00:00]} 7. d4 {[%emt 0:00:00]} O-O {[%emt 0:00:00]} 8. Nbd2 {[%emt 0:00:00]} b5 {[%emt 0:00:00]} 9. Bd3 {[%emt 0:00:00]} bxc4 {[%emt 0:00:01]} 10. Bxc4 {[%emt 0:00:00]} c5 {[%emt 0:00:00]} 11. O-O {[%emt 0:00:01]} Bb7 {[%emt 0:00:00]} 12. Be2 {[%emt 0:00:01]} Nc6 {[%emt 0:00:01]} 13. Rb1 {[%emt 0:00:00]} Rb8 {[%emt 0:00:01]} 14. Ba1 {[%emt 0:00:01]} cxd4 {[%emt 0:00:02]} 15. Nxd4 {[%emt 0:00:00]} Nxd4 {[%emt 0:00:01]} 16. Bxd4 {[%emt 0:00:00]} Bd5 {[%emt 0:00:02]} 17. Qa4 {[%emt 0:00:01]} Bd6 {[%emt 0:00:12]} 18. Bf3 {[%emt 0:00:01]} Bxf3 {[%emt 0:00:01]} 19. Nxf3 {[%emt 0:00:00]} Qe7 {[%emt 0:00:02]} 20. Qxa7 {[%emt 0:00:02]} Qxa7 {[%emt 0:00:01]} 21. Bxa7 {[%emt 0:00:00]} Ra8 {[%emt 0:00:00]} 22. Rb7 {[%emt 0:00:02]} Nd5 {[%emt 0:00:02]} 23. Rc1 {[%emt 0:00:03]} Ba3 {[%emt 0:00:01]} 24. Rc2 {[%emt 0:00:01]} h6 {[%emt 0:00:02]} 25. g3 {[%emt 0:00:01]} Rfc8 {[%emt 0:00:01]} 26. Nd4 {[%emt 0:00:02] Little champs offers a draw} Rxc2 {[%emt 0:00:01]} 27. Nxc2 {[%emt 0:00:00]} Bf8 {[%emt 0:00:01]} 28. Nd4 {[%emt 0:00:01]} Nf6 {[%emt 0:00:01]} 29. Kg2 {[%emt 0:00:01]} Nd5 {[%emt 0:00:00]} 30. Nb5 {[%emt 0:00:01]} Bb4 {[%emt 0:00:01]} 31. a4 {[%emt 0:00:01]} Bf8 {[%emt 0:00:01]} 32. Nd4 {[%emt 0:00:01]} Nb4 {[%emt 0:00:01]} 33. a5 {[%emt 0:00:01]} e5 {[%emt 0:00:00]} 34. Nf3 {[%emt 0:00:01]} Nc6 {[%emt 0:00:01]} 35. a6 {[%emt 0:00:01]} Rxa7 {[%emt 0:00:02]} 36. Rb6 {[%emt 0:00:02]} Nb8 {[%emt 0:00:01]} 37. Nxe5 {[%emt 0:00:01]} Nxa6 {[%emt 0:00:01]} 38. h4 {[%emt 0:00:02]} Nc7 {[%emt 0:00:01]} 39. Rc6 {[%emt 0:00:01]} Ne6 {[%emt 0:00:00]} 40. Rc8 {[%emt 0:00:01]} Rc7 {[%emt 0:00:01]} 41. Rb8 {[%emt 0:00:01]} g6 {[%emt 0:00:01]} 42. Nd3 {[%emt 0:00:01]} Kg7 {[%emt 0:00:00]} 43. Nf4 {[%emt 0:00:01]} Nxf4+ {[%emt 0:00:01]} 44. gxf4 {[%emt 0:00:00]} Be7 {[%emt 0:00:00]} 45. Rb2 {[%emt 0:00:02]} Bxh4 {[%emt 0:00:01]} 46. Kf3 {[%emt 0:00:01]} Bf6 {[%emt 0:00:00]} 47. Rd2 {[%emt 0:00:00]} Re7 {[%emt 0:00:00]} 48. Rb2 {[%emt 0:00:01]} g5 {[%emt 0:00:00]} 49. Ra2 {[%emt 0:00:00]} gxf4 {[%emt 0:00:01]} 50. Kxf4 {[%emt 0:00:00]} Re5 {[%emt 0:00:01]} 51. Ra7 {[%emt 0:00:01]} Rh5 {[%emt 0:00:01]} 52. Kf3 {[%emt 0:00:01]} Rh4 {[%emt 0:00:00]} 53. Ra6 {[%emt 0:00:01]} Rh5 {[%emt 0:00:01]} 54. Ke2 {[%emt 0:00:00]} Rg5 {[%emt 0:00:00]} 55. Ra4 {[%emt 0:00:00]} h5 {[%emt 0:00:00]} 56. Rh4 {[%emt 0:00:01]} Kg6 {[%emt 0:00:00]} 57. Rh2 {[%emt 0:00:01]} Rg4 {[%emt 0:00:00]} 58. Rh1 {[%emt 0:00:00]} h4 {[%emt 0:00:00]} 59. Kf3 {[%emt 0:00:00]} Kg5 {[%emt 0:00:01]} 60. Ke2 {[%emt 0:00:01]} Ra4 {[%emt 0:00:00]} 61. Kf3 {[%emt 0:00:01]} Kh5 {[%emt 0:00:00]} 62. Rg1 {[%emt 0:00:01]} Ra5 {[%emt 0:00:01]} 63. Rg8 {[%emt 0:00:01]} Rg5 {[%emt 0:00:00]} 64. Rh8+ {[%emt 0:00:01]} Bxh8 {[%emt 0:00:01]} 65. e4 {[%emt 0:00:01]} h3 {[%emt 0:00:00]} 66. Ke3 {[%emt 0:00:00]} h2 {[%emt 0:00:00]} 67. f4 {[%emt 0:00:00]} h1=Q {[%emt 0:00:00]} 68. fxg5 {[%emt 0:00:00]} Qh4 {[%emt 0:00:01]} 69. g6 {[%emt 0:00:01]} Qg5+ {[%emt 0:00:00]} 70. Kd3 {[%emt 0:00:02]} Qxg6 {[%emt 0:00:00]} 71. Ke3 {[%emt 0:00:00]} Qe6 {[%emt 0:00:00]} 72. Kd3 {[%emt 0:00:00]} f5 {[%emt 0:00:00]} 73. Ke3 {[%emt 0:00:00]} Qxe4+ {[%emt 0:00:00]} 74. Kf2 {[%emt 0:00:00]} Qd3 {[%emt 0:00:00]} 75. Kg2 {[%emt 0:00:02]} Kg4 {[%emt 0:00:00]} 76. Kh1 {[%emt 0:00:00]} Qd2 {[%emt 0:00:00]} 77. Kg1 {[%emt 0:00:02]} Kg3 {[%emt 0:00:00]} 78. Kf1 {[%emt 0:00:00] .} Qf2# {[%emt 0:00:01] (Lag: Av=0.72s, max=1.8s)} 0-1

[Event "Stay Safe Play From Home 157"]
[Site "T#646177Emanuel Laske"]
[Date "2020.05.19"]
[Round "3"]
[White "Lazieri3"]
[Black "Lamborghini"]
[Result "1/2-1/2"]
[WhiteElo "2096"]
[BlackElo "2343"]
[Annotator "TA"]
[PlyCount "47"]
[EventDate "2020.05.19"]
[EventType "swiss (blitz)"]

{[%evp 9,47,-28,-24,-35,-36,-37,-21,-47,-40,-58,-44,-53,-27,-61,-47,-58,-46,-65,-28,-43,-39,-47,130,-45,55,0,13,11,302,314,627,124,393,375,399,337,537,510,1251,1242]} 1. e4 c5 2. Nc3 e6 3. d3 Nc6 4. Nf3 Nf6 5. Bg5 Be7 6. g3 {[#] B40: Sicilian: 2...e6, Unusual lines.} h6 $146 ({Predecessor:} 6... d5 7. exd5 Nxd5 8. Bxe7 Ncxe7 9. Nxd5 Nxd5 10. Bg2 O-O 11. O-O b6 12. Nd2 Rb8 {½-½ (33) Scholz,T (1345)-Grenz,M (1253) Lehrte 2016}) 7. Bd2 O-O 8. Bg2 {The position is equal.} d5 9. exd5 exd5 10. O-O Be6 11. Bf4 Rc8 12. d4 Ne4 13. dxc5 Nxc3 14. bxc3 Bxc5 15. Nd4 Be7 $2 (15... Bxd4 $15 {stays ahead.} 16. cxd4 Re8) 16. Re1 $2 (16. Nxe6 $16 fxe6 17. Re1) 16... Bd7 ({Black should try} 16... Nxd4 $15 17. cxd4 Qd7) 17. Nb5 (17. Bxd5 $14 Bf6 18. Be4) 17... a6 18. Nd6 $36 {[%mdl 2112] [#] Double Attack. White is more active.} Ra8 $2 {[%mdl 8192]} (18... Bxd6 $1 $11 {and Black is okay.} 19. Bxd6 Re8) 19. Nxb7 $18 (19. Bxd5 Bxd6 20. Bxd6 Re8 $16) 19... Qb6 $2 (19... Qc8 20. Qxd5 Ra7) 20. Nd6 $2 (20. Rb1 $18 {is the precise move to win.} Bb4 21. Nd6) 20... Bf6 $2 {[%mdl 8192]} (20... Be6 $16 21. c4 (21. Bxd5 Rad8 $16) 21... Rad8) 21. Rb1 Qc5 22. c4 dxc4 (22... Bd4 $142) 23. Ne4 Bf5 (23... Qf5 $142 24. Nxf6+ gxf6) 24. Nxc5 {[%mdl 32768] Accuracy: White = 52%, Black = 27%. . An unexpected result.} 1/2-1/2

[Event "Stay Safe Play From Home 157"]
[Site "T#646177Emanuel Laske"]
[Date "2020.05.19"]
[Round "3"]
[White "Aditya_dpawn"]
[Black "Weltszmerc"]
[Result "0-1"]
[WhiteElo "1952"]
[BlackElo "2080"]
[PlyCount "72"]
[EventDate "2020.05.19"]
[EventType "swiss (blitz)"]

1. e4 {[%emt 0:00:01]} Nf6 {[%emt 0:00:01]} 2. e5 {[%emt 0:00:01]} Nd5 {[%emt 0:00:01]} 3. d4 {[%emt 0:00:00]} d6 {[%emt 0:00:00]} 4. c4 {[%emt 0:00:00]} Nb6 {[%emt 0:00:01]} 5. exd6 {[%emt 0:00:00]} cxd6 {[%emt 0:00:00]} 6. Nc3 {[%emt 0:00:00]} g6 {[%emt 0:00:00]} 7. Bd3 {[%emt 0:00:00]} Bg7 {[%emt 0:00:00]} 8. Be3 {[%emt 0:00:00]} O-O {[%emt 0:00:00]} 9. Nge2 {[%emt 0:00:00]} Nc6 {[%emt 0:00:00]} 10. O-O {[%emt 0:00:02]} e5 {[%emt 0:00:01]} 11. d5 {[%emt 0:00:01]} Ne7 {[%emt 0:00:01]} 12. f4 {[%emt 0:00:01]} exf4 {[%emt 0:00:02]} 13. Bxf4 {[%emt 0:00:00]} Bf5 {[%emt 0:00:01]} 14. Kh1 {[%emt 0:00:02]} Rc8 {[%emt 0:00:02]} 15. b3 {[%emt 0:00:02]} Bxd3 {[%emt 0:00:06]} 16. Qxd3 {[%emt 0:00:00]} Nd7 {[%emt 0:00:01]} 17. Bxd6 {[%emt 0:00:02]} Ne5 {[%emt 0:00:01]} 18. Bxe5 {[%emt 0:00:03]} Bxe5 {[%emt 0:00:00]} 19. Rad1 {[%emt 0:00:02]} f5 {[%emt 0:00:01]} 20. Nf4 {[%emt 0:00:02]} Bxf4 {[%emt 0:00:03]} 21. Rxf4 {[%emt 0:00:00]} Qd6 {[%emt 0:00:01]} 22. Ne2 {[%emt 0:00:02]} Qe5 {[%emt 0:00:02]} 23. Rff1 {[%emt 0:00:02]} b5 {[%emt 0:00:01]} 24. Nf4 {[%emt 0:00:07]} bxc4 {[%emt 0:00:02]} 25. bxc4 {[%emt 0:00:00]} Rfd8 {[%emt 0:00:03]} 26. Rde1 {[%emt 0:00:01]} Qf6 {[%emt 0:00:02]} 27. Rxe7 {[%emt 0:00:01]} Qxe7 {[%emt 0:00:01]} 28. Qd4 {[%emt 0:00:08]} Qe4 {[%emt 0:00:01]} 29. Qxe4 {[%emt 0:00:01]} fxe4 {[%emt 0:00:01]} 30. Ne6 {[%emt 0:00:00]} Rd6 {[%emt 0:00:02]} 31. h4 {[%emt 0:00:01]} Rxe6 {[%emt 0:00:06]} 32. dxe6 {[%emt 0:00:00]} Re8 {[%emt 0:00:01]} 33. Rf7 {[%emt 0:00:04]} Rxe6 {[%emt 0:00:01]} 34. Rxa7 {[%emt 0:00:01]} e3 {[%emt 0:00:00]} 35. Ra8+ {[%emt 0:00:06]} Kg7 {[%emt 0:00:01]} 36. c5 {[%emt 0:00:00]} e2 {[%emt 0:00:01] Aditya_dpawn resigns (Lag: Av=0.67s, max=1.3s)} 0-1

[Event "Stay Safe Play From Home 157"]
[Site "T#646177Emanuel Laske"]
[Date "2020.05.19"]
[Round "3"]
[White "SecantFX"]
[Black "BrainThinker22"]
[Result "1-0"]
[WhiteElo "1931"]
[BlackElo "2232"]
[Annotator "NA"]
[PlyCount "123"]
[EventDate "2020.05.19"]
[EventType "swiss (blitz)"]

1. g3 {[%emt 0:00:01]} d5 {[%emt 0:00:01]} 2. Bg2 {[%emt 0:00:00]} Bh3 {[%emt 0:00:01]} 3. Bxh3 {[%emt 0:00:01]} e6 {[%emt 0:00:00]} 4. Bg2 {[%emt 0:00:00]} Nf6 {[%emt 0:00:00]} 5. f4 {[%emt 0:00:00]} Be7 {[%emt 0:00:00]} 6. Nf3 {[%emt 0:00:00]} O-O {[%emt 0:00:00]} 7. e3 {[%emt 0:00:00]} c5 {[%emt 0:00:00]} 8. d3 {[%emt 0:00:00]} Nc6 {[%emt 0:00:00]} 9. c3 {[%emt 0:00:00]} Rc8 {[%emt 0:00:00]} 10. d4 {[%emt 0:00:00]} e5 {[%emt 0:00:00]} 11. fxe5 {[%emt 0:00:01]} Ne4 {[%emt 0:00:00]} 12. Nfd2 {[%emt 0:00:01]} cxd4 {[%emt 0:00:01]} 13. exd4 {[%emt 0:00:01]} Ng5 {[%emt 0:00:02]} 14. Nf3 {[%emt 0:00:01]} Ne6 {[%emt 0:00:01]} 15. O-O {[%emt 0:00:01]} Qb6 {[%emt 0:00:01]} 16. Be3 {[%emt 0:00:01]} Qxb2 {[%emt 0:00:01]} 17. Nbd2 {[%emt 0:00:01]} Qxc3 {[%emt 0:00:00]} 18. Bf2 {[%emt 0:00:01]} Ncxd4 {[%emt 0:00:03]} 19. Nxd4 {[%emt 0:00:01]} Nxd4 {[%emt 0:00:00]} 20. Nb3 {[%emt 0:00:01]} Nxb3 {[%emt 0:00:03]} 21. Qxb3 {[%emt 0:00:01]} Qxe5 {[%emt 0:00:00]} 22. Rfe1 {[%emt 0:00:02]} Qf6 {[%emt 0:00:02]} 23. Bxd5 {[%emt 0:00:01]} Bd6 {[%emt 0:00:05]} 24. Qxb7 {[%emt 0:00:02]} Rc2 {[%emt 0:00:02]} 25. Rf1 {[%emt 0:00:02]} Rxf2 {[%emt 0:00:02]} 26. Rxf2 {[%emt 0:00:01]} Qxa1+ {[%emt 0:00:01]} 27. Kg2 {[%emt 0:00:04]} Kh8 {[%emt 0:00:06]} 28. Rxf7 {[%emt 0:00:03]} Re8 {[%emt 0:00:05]} 29. Rf2 {[%emt 0:00:05]} Qe5 {[%emt 0:00:07]} 30. Bf3 {[%emt 0:00:02]} Qe7 {[%emt 0:00:01]} 31. Qc6 {[%emt 0:00:01]} g6 {[%emt 0:00:02]} 32. Re2 {[%emt 0:00:01]} Qxe2+ {[%emt 0:00:03]} 33. Bxe2 {[%emt 0:00:01]} Rxe2+ {[%emt 0:00:00]} 34. Kf3 {[%emt 0:00:00]} Re7 {[%emt 0:00:02]} 35. Qxd6 {[%emt 0:00:01]} Rf7+ {[%emt 0:00:00]} 36. Kg4 {[%emt 0:00:01]} Kg7 {[%emt 0:00:00]} 37. Qe5+ {[%emt 0:00:01]} Kf8 {[%emt 0:00:00]} 38. Qb8+ {[%emt 0:00:01]} Ke7 {[%emt 0:00:00]} 39. Qe5+ {[%emt 0:00:01]} Kf8 {[%emt 0:00:00]} 40. Qe6 {[%emt 0:00:01]} Kg7 {[%emt 0:00:00]} 41. Qe5+ {[%emt 0:00:01]} Kg8 {[%emt 0:00:01]} 42. h4 {[%emt 0:00:00]} h5+ {[%emt 0:00:01]} 43. Kg5 {[%emt 0:00:01]} Kh7 {[%emt 0:00:00]} 44. Qe8 {[%emt 0:00:02]} Rg7 {[%emt 0:00:01]} 45. Qf8 {[%emt 0:00:01]} Rg8 {[%emt 0:00:00]} 46. Qf7+ {[%emt 0:00:01]} Rg7 {[%emt 0:00:00]} 47. Qf6 {[%emt 0:00:01]} Kh8 {[%emt 0:00:00]} 48. g4 {[%emt 0:00:00]} hxg4 {[%emt 0:00:01]} 49. Kxg4 {[%emt 0:00:01]} Kh7 {[%emt 0:00:00]} 50. Kg5 {[%emt 0:00:00]} Kg8 {[%emt 0:00:00]} 51. Qxg6 {[%emt 0:00:01]} Rxg6+ {[%emt 0:00:01]} 52. Kxg6 {[%emt 0:00:00]} Kh8 {[%emt 0:00:00]} 53. h5 {[%emt 0:00:00]} Kg8 {[%emt 0:00:00]} 54. a3 {[%emt 0:00:00]} Kh8 {[%emt 0:00:00]} 55. a4 {[%emt 0:00:00]} a6 {[%emt 0:00:01]} 56. h6 {[%emt 0:00:00]} a5 {[%emt 0:00:00]} 57. Kf6 {[%emt 0:00:01]} Kg8 {[%emt 0:00:00]} 58. Kg6 {[%emt 0:00:01]} Kh8 {[%emt 0:00:01]} 59. Kf7 {[%emt 0:00:00]} Kh7 {[%emt 0:00:00]} 60. Ke6 {[%emt 0:00:00]} Kxh6 {[%emt 0:00:00]} 61. Kd6 {[%emt 0:00:00]} Kg7 {[%emt 0:00:00]} 62. Kc6 {[%emt 0:00:00] Time (Lag: Av=0.41s, max=1.1s)} 1-0

[Event "Stay Safe Play From Home 157"]
[Site "T#646177Emanuel Laske"]
[Date "2020.05.19"]
[Round "3"]
[White "Ionutn28"]
[Black "Toosieslide"]
[Result "0-1"]
[WhiteElo "1723"]
[BlackElo "2132"]
[Annotator "NA"]
[PlyCount "72"]
[EventDate "2020.05.19"]
[EventType "swiss (blitz)"]

1. e4 {[%emt 0:00:01]} e5 {[%emt 0:00:01]} 2. Nf3 {[%emt 0:00:01]} Nc6 {[%emt 0:00:00]} 3. d4 {[%emt 0:00:01]} exd4 {[%emt 0:00:00]} 4. Nxd4 {[%emt 0:00:00]} Bc5 {[%emt 0:00:01]} 5. Be3 {[%emt 0:00:01]} Qf6 {[%emt 0:00:01]} 6. c3 {[%emt 0:00:00]} Nge7 {[%emt 0:00:01]} 7. Be2 {[%emt 0:00:00]} Qg6 {[%emt 0:00:03]} 8. Bf3 {[%emt 0:00:05]} Nxd4 {[%emt 0:00:02]} 9. Bxd4 {[%emt 0:00:01]} Bb6 {[%emt 0:00:03]} 10. O-O {[%emt 0:00:02]} d6 {[%emt 0:00:01]} 11. Bxb6 {[%emt 0:00:01]} axb6 {[%emt 0:00:02]} 12. Re1 {[%emt 0:00:01]} Be6 {[%emt 0:00:02]} 13. a3 {[%emt 0:00:02]} O-O {[%emt 0:00:01]} 14. Nd2 {[%emt 0:00:01]} Nc6 {[%emt 0:00:01]} 15. Nf1 {[%emt 0:00:02]} Ne5 {[%emt 0:00:01]} 16. Ng3 {[%emt 0:00:02]} b5 {[%emt 0:00:04]} 17. Bh5 {[%emt 0:00:04]} Qg5 {[%emt 0:00:01]} 18. Qc1 {[%emt 0:00:04]} Qxc1 {[%emt 0:00:02]} 19. Raxc1 {[%emt 0:00:00]} c5 {[%emt 0:00:02]} 20. f4 {[%emt 0:00:01]} Nd3 {[%emt 0:00:01]} 21. f5 {[%emt 0:00:02]} Bb3 {[%emt 0:00:03]} 22. Rcd1 {[%emt 0:00:07]} Bxd1 {[%emt 0:00:03]} 23. Rxd1 {[%emt 0:00:00]} c4 {[%emt 0:00:00]} 24. Be2 {[%emt 0:00:01]} Nxb2 {[%emt 0:00:02]} 25. Rxd6 {[%emt 0:00:02]} Rxa3 {[%emt 0:00:00]} 26. Rb6 {[%emt 0:00:00]} Rxc3 {[%emt 0:00:01]} 27. Rxb5 {[%emt 0:00:00]} Rc2 {[%emt 0:00:01]} 28. Rxb7 {[%emt 0:00:02]} c3 {[%emt 0:00:03]} 29. Rc7 {[%emt 0:00:01]} Rc1+ {[%emt 0:00:01]} 30. Kf2 {[%emt 0:00:00]} c2 {[%emt 0:00:01]} 31. Rb7 {[%emt 0:00:07]} Rd1 {[%emt 0:00:02]} 32. Rxb2 {[%emt 0:00:04]} c1=Q {[%emt 0:00:02]} 33. Bxd1 {[%emt 0:00:00]} Qxb2+ {[%emt 0:00:01]} 34. Be2 {[%emt 0:00:01]} Qd4+ {[%emt 0:00:00]} 35. Kf3 {[%emt 0:00:01]} Rc8 {[%emt 0:00:00]} 36. h3 {[%emt 0:00:00]} Rc3+ {[%emt 0:00:00] Time (Lag: Av=0.79s, max=1.2s)} 0-1

[Event "Stay Safe Play From Home 157"]
[Site "T#646177Emanuel Laske"]
[Date "2020.05.19"]
[Round "3"]
[White "Haris kollari 13"]
[Black "Parth11"]
[Result "1-0"]
[WhiteElo "1666"]
[BlackElo "1368"]
[Annotator "NA"]
[PlyCount "81"]
[EventDate "2020.05.19"]
[EventType "swiss (blitz)"]

1. e4 {[%emt 0:00:00]} g5 {[%emt 0:00:00]} 2. g4 {[%emt 0:00:01]} f6 {[%emt 0:00:00]} 3. Be2 {[%emt 0:00:01]} Bg7 {[%emt 0:00:00]} 4. d4 {[%emt 0:00:01]} e5 {[%emt 0:00:00]} 5. d5 {[%emt 0:00:01]} d6 {[%emt 0:00:01]} 6. f3 {[%emt 0:00:01]} Nd7 {[%emt 0:00:00]} 7. c4 {[%emt 0:00:01]} Ne7 {[%emt 0:00:00]} 8. Nc3 {[%emt 0:00:01]} a5 {[%emt 0:00:00]} 9. Be3 {[%emt 0:00:01]} b6 {[%emt 0:00:02]} 10. Qd2 {[%emt 0:00:01]} Ba6 {[%emt 0:00:00]} 11. h4 {[%emt 0:00:01]} Nc5 {[%emt 0:00:00]} 12. hxg5 {[%emt 0:00:02]} fxg5 {[%emt 0:00:05]} 13. Bxg5 {[%emt 0:00:01]} h6 {[%emt 0:00:00]} 14. Bxh6 {[%emt 0:00:03]} Bxh6 {[%emt 0:00:01]} 15. Rxh6 {[%emt 0:00:02]} Kd7 {[%emt 0:00:03]} 16. O-O-O {[%emt 0:00:03]} Rh7 {[%emt 0:00:02]} 17. Rxh7 {[%emt 0:00:02]} Qg8 {[%emt 0:00:00]} 18. Qh6 {[%emt 0:00:02]} Qf8 {[%emt 0:00:03]} 19. Qxf8 {[%emt 0:00:02]} Rxf8 {[%emt 0:00:00]} 20. Nh3 {[%emt 0:00:00]} Bb7 {[%emt 0:00:00]} 21. Ng5 {[%emt 0:00:01]} a4 {[%emt 0:00:00]} 22. Rdh1 {[%emt 0:00:02]} Rf7 {[%emt 0:00:04]} 23. Rxf7 {[%emt 0:00:02]} Ba6 {[%emt 0:00:00]} 24. Rhh7 {[%emt 0:00:01]} b5 {[%emt 0:00:00]} 25. Rxe7+ {[%emt 0:00:01]} Kc8 {[%emt 0:00:00]} 26. Rxc7+ {[%emt 0:00:01]} Kb8 {[%emt 0:00:01]} 27. Rcg7 {[%emt 0:00:01]} Nb7 {[%emt 0:00:02]} 28. Rg8+ {[%emt 0:00:01]} Ka7 {[%emt 0:00:01]} 29. Ne6 {[%emt 0:00:00]} Kb6 {[%emt 0:00:01]} 30. cxb5 {[%emt 0:00:02]} Bxb5 {[%emt 0:00:03]} 31. Nxb5 {[%emt 0:00:01]} Nc5 {[%emt 0:00:00]} 32. Nxc5 {[%emt 0:00:02]} Kxc5 {[%emt 0:00:00]} 33. Rc8+ {[%emt 0:00:01]} Kb4 {[%emt 0:00:02]} 34. a3+ {[%emt 0:00:02]} Ka5 {[%emt 0:00:01]} 35. Ra8+ {[%emt 0:00:04]} Kb6 {[%emt 0:00:00]} 36. Rhh8 {[%emt 0:00:02]} Kc5 {[%emt 0:00:01]} 37. Rhc8+ {[%emt 0:00:01]} Kb6 {[%emt 0:00:02]} 38. Rc6+ {[%emt 0:00:00]} Kb7 {[%emt 0:00:01]} 39. Ra7+ {[%emt 0:00:00]} Kb8 {[%emt 0:00:01]} 40. Rg7 {[%emt 0:00:00]} Ka8 {[%emt 0:00:04]} 41. Rc8# {[%emt 0:00:00] (Lag: Av=3.31s, max=10.3s)} 1-0